MARC

LEADER 00000nam0a2200000 4500
001 15679
005 20231030190308.0
035 |a (RuTPU)RU\TPU\book\15791 
035 |a BOOK00000479 
090 |a 15679 
100 |a 20011209d1960 m y0rusy50 ca 
101 0 |a rus 
102 |a RU 
105 |a a z 000zy 
200 1 |a Страницы русской морской летописи  |f Б. И. Зверев 
210 |a Москва  |c Учпедгиз  |d 1960 
215 |a 272 с.  |c ил. 
610 1 |a история 
610 1 |a Россия 
610 1 |a русский военно-морской флот 
610 1 |a военные корабли 
610 1 |a русские флотоводцы 
686 |a Ц66,6(2)  |v LBC/SL-A  |2 rubbk 
700 1 |a Зверев  |b Б. И.  |g Борис Иванович 
801 0 |a RU  |b 63413507  |c 20011209  |g PSBO 
801 2 |a RU  |b 63413507  |c 20120906  |g PSBO 
942 |c BK